000 00906cam a22002534a 4500
999 _c19281
_d19281
001 14615382
005 20170116083743.0
008 061030s2008 caua b 000 0 eng
010 _a 2006937607
020 _a0495094749 (pbk.)
050 0 0 _aHD58.7.C52 2008
245 0 0 _aClassic readings in organizational behavior /
_cJ. Steven Ott, Sandra J. Parkes, Richard B. Simpson, [editors].
250 _a4th ed.
260 _aBelmont, CA :
_bThomson/Wadsworth,
_cc2008.
300 _axix, 476 p. :
_bill. ;
_c24 cm.
504 _aIncludes bibliographical references.
650 0 _aOrganizational behavior.
700 1 _aOtt, J. Steven.
700 1 _aParkes, Sandra J.
700 1 _aSimpson, Richard B.
942 _2lcc
_cBOOKS
_hHD58.7 .C52 2008